000 00780nam a2200289Ia 4500
005 20260324112514.0
008 008 260324s9999 xx 000 0 eng d
020 _a9781032719122
037 _aEBOOK
040 _aCRL
040 _beng
040 _cCRL
041 _2eng
041 _aeng
084 _qCRL
100 _aElyor Berdimurodov; Chaudhery Mustansar Hussain; Burak Tüzün
_91142977
245 0 _aMultifunctional Magnetic Nanoparticles in Therapy, Biology, and Pharmacy
245 0 _bSynthesis, Fundamentals and Applications
260 _bTaylor and Francis
260 _c2024
365 _a
365 _b290
856 _uhttp://www.taylorfrancis.com/books/9781032719122
942 _cEBOOK
999 _c1732212
_d1732212